Statistics for All Stumble Guys Maps With Cannons

Click here to take the quiz!

General Stats

  • This quiz has been taken 9 times
    (3 since last reset)
  • The average score is 3 of 9

Answer Stats

GamemodeMap% Correct
CollectionBarbie Dream Dash
67%
EliminationBombardment
67%
RaceCannonball Chaos
67%
RaceCannon Climb
67%
RaceNFL Scramble
33%
CollectionTreasure Island
33%
RaceIce Caramba
0%
RaceIcy Heights
0%
RaceStumble Trouble
0%

Score Distribution

Percentile by Number Answered

Percent of People with Each Score

Your Score History

You have not taken this quiz since the last reset